000 00598nam a2200229Ia 4500
003 OSt
005 20220928104311.0
006 a|||||r|||| 00| 0
007 ta
008 220927b |||||||| |||| 00| 0 eng d
024 _a54167
037 _cTextual
040 _aSDCL
_cSDCL
_beng
041 _2eng
_aeng
082 _aR6, K3;1
100 _aPotter Karl
_9409906
245 0 _aPresuppositions of India's phiosophy .
260 _aNew Delhi
_bPrentice - Hall of India
_c1965
300 _a276p.
_ccm.
942 _hR6, K3;1
_cTEXL
_2CC
999 _c725487
_d725487